[Event "C.to Provinciale KR 2011"]
[Site "Crotone ITA"]
[Date "2010.11.21"]
[Round "2"]
[White "Grano, Giuseppe"]
[Black "Guzzo, Giovanni"]
[Result "0-1"]
[WhiteElo "1679"]
[BlackElo "1747"]
[PlyCount "108"]
[EventDate "2010.11.20"]

1. e4 e6 2. d4 d5 3. e5 c5 4. c3 Nc6 5. Nf3 Nge7 6. Bd3 Ng6 7. Bg5 Be7 8. Bxe7
Qxe7 9. Qc2 Nf4 10. O-O Nxd3 11. Qxd3 O-O 12. Nbd2 f6 13. Rfe1 fxe5 14. Nxe5
Nxe5 15. Rxe5 b6 16. Rae1 Qf6 17. Nf3 h6 18. Qe3 c4 19. a3 a5 20. Rh5 Bd7 21.
Ne5 Ba4 22. Ng4 Qf7 23. Rxh6 Rae8 24. Qh3 Qf5 25. Rh5 Qf4 26. Rh8+ Kf7 27. Qh4
Rxh8 28. Qg3 Qxg3 29. fxg3 Ke7 30. Ne5 Rh6 31. h3 Rf8 32. g4 Be8 33. Nf3 Kd6
34. g5 Rhh8 35. Kh2 Bh5 36. Ne5 Rf2 37. g6 Rhf8 38. Kg1 Be2 39. Nf7+ R2xf7 40.
gxf7 Bd3 41. Re3 Rxf7 42. Rf3 Rxf3 43. gxf3 e5 44. Kf2 exd4 45. cxd4 b5 46. Ke3
b4 47. Kd2 Ke6 48. axb4 axb4 49. h4 Kf5 50. Ke3 Bb1 51. Kd2 Kf4 52. Kc1 Bd3 53.
Kd2 Kxf3 54. b3 Ke4 0-1

[Event "C.to Provinciale KR 2011"]
[Site "Crotone ITA"]
[Date "2010.11.21"]
[Round "2"]
[White "Olivo, Paolo"]
[Black "Mano, Vincenzo"]
[Result "1-0"]
[WhiteElo "1712"]
[BlackElo "1940"]
[PlyCount "119"]
[EventDate "2010.11.20"]

1. e4 e6 2. d4 d5 3. Nc3 Bb4 4. e5 Ne7 5. Bg5 a6 6. a3 Ba5 7. b4 Bb6 8. Na4 Ba7
9. c3 b6 10. Bd3 Qd7 11. Nf3 Bb7 12. O-O Bc6 13. Nb2 h6 14. Bxe7 Qxe7 15. a4
Bb7 16. h3 Nd7 17. Qe2 Bb8 18. Nh2 c5 19. b5 a5 20. f4 Bc7 21. Qg4 g6 22. Nf3
O-O-O 23. c4 cxd4 24. cxd5 Bxd5 25. Nc4 Nc5 26. Rfd1 Nxd3 27. Nd6+ Bxd6 28.
exd6 Rxd6 29. Rxd3 Bxf3 30. Qxf3 Qb7 31. Rc1+ Kb8 32. Rc6 Rhd8 33. f5 e5 34.
fxg6 fxg6 35. Qe4 Qe7 36. Rd1 Rxc6 37. Qxc6 Qd6 38. Qe4 Rc8 39. Re1 Rc5 40. Kf2
Qf6+ 41. Kg1 Qf5 42. Qe2 Kc7 43. Rf1 Qe6 44. Qe4 Rc4 45. Rf8 Kd6 46. Rb8 Kc5
47. Rb7 Qd5 48. Rc7+ Kb4 49. Qxd5 Rxc7 50. Qxe5 Rc4 51. Qd6+ Kxa4 52. Qxb6 Kb4
53. Qa6 d3 54. Kf2 Rd4 55. Ke1 Kc3 56. Qxa5+ Kc2 57. Qa2+ Kc3 58. b6 Re4+ 59.
Kd1 Rf4 60. Qd2+ 1-0

[Event "C.to Provinciale KR 2011"]
[Site "Crotone ITA"]
[Date "2010.11.21"]
[Round "2"]
[White "Serratore, Vincenzo"]
[Black "Levato, Biagio"]
[Result "0-1"]
[WhiteElo "1880"]
[BlackElo "1544"]
[PlyCount "100"]
[EventDate "2010.11.20"]

1. d4 Nf6 2. Bf4 g6 3. e3 Bg7 4. Bd3 Nh5 5. Bg5 Nf6 6. Nd2 Nc6 7. c3 d6 8. Qe2
O-O 9. Ngf3 Re8 10. O-O e5 11. d5 Ne7 12. e4 c6 13. c4 cxd5 14. exd5 h6 15. Bh4
Nf5 16. Bg3 Nxg3 17. hxg3 e4 18. Nxe4 Nxe4 19. Rae1 f5 20. b3 Bd7 21. Qc2 Qb6
22. Re2 Nxg3 23. Rxe8+ Rxe8 24. Rc1 Ne4 25. Re1 Qd8 26. g3 Qf6 27. Kg2 Qb2 28.
Re2 Qxc2 29. Rxc2 Nc5 30. Bf1 a6 31. b4 Ne4 32. Bd3 Ba4 33. Rc1 Bb2 34. Rb1 Ba3
35. Nd4 Nc3 36. Ra1 h5 37. b5 Bc5 38. Ne6 axb5 39. Nc7 Re7 40. Nxb5 Nxb5 41.
cxb5 b6 42. Rc1 Re5 43. Kf3 Kg7 44. Bc4 Re4 45. Kg2 Rd4 46. f4 Rd2+ 47. Kh3 Bd1
48. Bb3 Bg4+ 49. Kh4 Kh6 50. Rh1 Bd4 0-1

[Event "C.to Provinciale KR 2011"]
[Site "Crotone ITA"]
[Date "2010.11.21"]
[Round "3"]
[White "Guzzo, Giovanni"]
[Black "Chiofalo, Gianfranco"]
[Result "0-1"]
[WhiteElo "1747"]
[BlackElo "1510"]
[PlyCount "130"]
[EventDate "2010.11.20"]

1. e4 c5 2. Nf3 e6 3. d4 cxd4 4. Nxd4 Nc6 5. Nc3 Bb4 6. a3 Bxc3+ 7. bxc3 d5 8.
Bb5 Bd7 9. exd5 Nxd4 10. Bxd7+ Qxd7 11. Qxd4 Nf6 12. Bg5 Nh5 13. O-O O-O 14.
dxe6 Qxe6 15. Be3 b6 16. Qa4 Nf6 17. Rfe1 Rfe8 18. h3 Qf5 19. Bd4 Rxe1+ 20.
Rxe1 b5 21. Qb3 h6 22. Re5 Qg6 23. Rxb5 a6 24. Rb8+ Rxb8 25. Qxb8+ Kh7 26. Qb6
Ne4 27. Qxg6+ Kxg6 28. f3 Nd2 29. Kf2 f6 30. Ke2 Nc4 31. a4 Kf5 32. g3 g6 33.
f4 Ke6 34. g4 f5 35. Kf3 fxg4+ 36. hxg4 Nd2+ 37. Ke3 Nc4+ 38. Kf3 Na3 39. Bg7
h5 40. gxh5 gxh5 41. Kg3 Kf5 42. Be5 Nxc2 43. Kh4 Kg6 44. c4 Nb4 45. Bd6 Nc6
46. f5+ Kxf5 47. Kxh5 Ke6 48. Ba3 Ne5 49. c5 Kd5 50. Kg5 Nd3 51. c6 Kxc6 52.
Kf5 Kd5 53. Bf8 Kc4 54. Ke4 Nc5+ 55. Ke3 Nxa4 56. Kd2 Kb3 57. Kc1 Nc3 58. Bg7
Na2+ 59. Kb1 a5 60. Ka1 a4 61. Bb2 Nb4 62. Kb1 Nd3 63. Bg7 a3 64. Bf6 a2+ 65.
Ka1 Nb4 0-1

[Event "C.to Provinciale KR 2011"]
[Site "Crotone ITA"]
[Date "2010.11.21"]
[Round "3"]
[White "Levato, Biagio"]
[Black "Olivo, Paolo"]
[Result "0-1"]
[WhiteElo "1544"]
[BlackElo "1712"]
[PlyCount "141"]
[EventDate "2010.11.20"]

1. d4 Nf6 2. Nc3 g6 3. e4 d6 4. Bc4 Bg7 5. h3 O-O 6. Be3 e6 7. Nf3 h6 8. Qd2
Kh7 9. O-O-O c6 10. g4 b5 11. Bb3 b4 12. Na4 Nxe4 13. Qxb4 Na6 14. Qe1 Rb8 15.
h4 Bd7 16. Kb1 Qc7 17. Bxh6 Nd2+ 18. Bxd2 c5 19. dxc5 Bxa4 20. Ba5 Qxc5 21.
Ng5+ Kg8 22. Ne4 Qc8 23. h5 d5 24. h6 Bh8 25. h7+ Kg7 26. Bc3+ f6 27. Nxf6 Kf7
28. g5 Nc5 29. Rxd5 Bxb3 30. cxb3 exd5 31. Qe5 Qf5+ 32. Qxf5 gxf5 33. b4 Ne4
34. Nd7 Nxc3+ 35. bxc3 Bxc3 36. a3 f4 37. Nxf8 Rxf8 38. Kc2 Be5 39. Kd3 Kg7 40.
Rh6 Kf7 41. Ra6 Rh8 42. g6+ Kg7 43. Re6 Bf6 44. Rd6 Kxg6 45. Rxd5 Rxh7 46. Ke4
Bg5 47. a4 Rc7 48. Kd3 Kf6 49. b5 Bh4 50. f3 Ke6 51. Rh5 Bf6 52. a5 Rc3+ 53.
Ke4 Rc4+ 54. Kd3 Rd4+ 55. Ke2 Ra4 56. b6 axb6 57. Rb5 bxa5 58. Kd3 Ra3+ 59. Ke4
Ra4+ 60. Kd3 Be5 61. Rb6+ Kf5 62. Rb5 Ra3+ 63. Ke2 a4 64. Ra5 Ke6 65. Ra6+ Kd5
66. Ra5+ Kd4 67. Kf2 Ra2+ 68. Kf1 a3 69. Ra4+ Ke3 70. Re4+ Kxf3 71. Rxe5 0-1

[Event "C.to Provinciale KR 2011"]
[Site "Crotone ITA"]
[Date "2010.11.21"]
[Round "3"]
[White "Manfredi, Candido"]
[Black "Serratore, Vincenzo"]
[Result "1/2-1/2"]
[WhiteElo "1680"]
[BlackElo "1880"]
[PlyCount "207"]
[EventDate "2010.11.20"]

1. e4 e5 2. Nf3 Nc6 3. Bc4 Bc5 4. O-O Nf6 5. c3 Qe7 6. d4 Bb6 7. Bb3 O-O 8. Bc2
d6 9. d5 Nb8 10. Be3 Bxe3 11. fxe3 Bg4 12. Nbd2 Nbd7 13. Qe1 Bh5 14. Nh4 Nc5
15. b4 Na6 16. a3 Qd7 17. Qg3 Qg4 18. Qxg4 Bxg4 19. h3 Bd7 20. Nf5 Ne8 21. Rf2
f6 22. Nb3 Nb8 23. c4 g6 24. Nh4 Ng7 25. a4 Na6 26. b5 Nb4 27. c5 Nxc2 28. Rxc2
f5 29. c6 bxc6 30. bxc6 Bc8 31. Nd2 Rb8 32. exf5 Nxf5 33. Nxf5 Bxf5 34. e4 Bc8
35. Rb1 Ba6 36. Rcb2 Rbc8 37. Rb4 Kg7 38. R1b2 h5 39. Nf3 Kh6 40. h4 Bd3 41.
R2b3 a5 42. Rb7 Bxe4 43. R7b5 Ra8 44. Ng5 Bc2 45. Ra3 Rf4 46. g3 Rb4 47. Ne6
Rc8 48. Rxa5 Bf5 49. Ng5 Bg4 50. Rb5 Rd4 51. Kf2 Rf8+ 52. Ke3 Rf1 53. Ra2 Rdd1
54. a5 Rde1+ 55. Kd3 Bf5+ 56. Kc3 Re3+ 57. Kb4 Rb1+ 58. Ka4 Rxb5 59. Kxb5 Bd3+
60. Kb4 Ba6 61. Ra3 Rxa3 62. Kxa3 Bc4 63. a6 Bxa6 64. Kb4 Bc8 65. Kc4 Ba6+ 66.
Kc3 Bc8 67. Kd3 Kg7 68. Ke3 Kf6 69. Ne4+ Ke7 70. Nc3 Ba6 71. Kf3 Bd3 72. g4
hxg4+ 73. Kxg4 Kf6 74. Nd1 e4 75. Kf4 Bc2 76. Ne3 Bd3 77. Ng4+ Kg7 78. Kg5 Bb1
79. Kf4 Bc2 80. Nf2 Kh6 81. Ng4+ Kh5 82. Kg3 Bb3 83. Nf6+ Kh6 84. Kf4 g5+ 85.
hxg5+ Kg6 86. Kxe4 Bc2+ 87. Kd4 Kf7 88. Ke3 Bg6 89. Kf4 Bc2 90. Ne4 Kg6 91. Nc3
Bd3 92. Nd1 Bc2 93. Ne3 Bd3 94. Ng2 Bc4 95. Ke4 Kxg5 96. Nf4 Kf6 97. Ne6 Ke7
98. Nxc7 Bf1 99. Kd4 Be2 100. Na8 Ba6 101. Nb6 Kd8 102. Ke4 Kc7 103. Na4 Bb5
104. Nc3 1/2-1/2

[Event "C.to Provinciale KR 2011"]
[Site "Crotone ITA"]
[Date "2010.11.21"]
[Round "3"]
[White "Mano, Vincenzo"]
[Black "Campagna, Angelo"]
[Result "1-0"]
[WhiteElo "1940"]
[BlackElo "1679"]
[PlyCount "85"]
[EventDate "2010.11.20"]

1. c4 c5 2. Nc3 Nf6 3. e4 Nc6 4. Nf3 d6 5. h3 h6 6. Be2 e6 7. O-O Be7 8. d3 O-O
9. Be3 Nh7 10. Qd2 Bg5 11. Nxg5 Nxg5 12. f4 Nh7 13. Bf3 e5 14. f5 Nd4 15. Nd5
Nf6 16. Rf2 Nxd5 17. cxd5 Qf6 18. Raf1 Kh7 19. Bd1 Rh8 20. g4 Qh4 21. Kh2 Bd7
22. Rg2 Kg8 23. Rg3 Rc8 24. g5 hxg5 25. Bxg5 Qh7 26. Bf6 g6 27. Bxh8 Kxh8 28.
fxg6 fxg6 29. Qg5 Rg8 30. Rf6 Bb5 31. Rxd6 Bxd3 32. Qxe5+ Qg7 33. Qxg7+ Rxg7
34. Rxd3 g5 35. Rh6+ Kg8 36. Rf6 b5 37. e5 b4 38. e6 a5 39. Re3 Nb5 40. e7 Nc7
41. e8=Q+ Nxe8 42. Rxe8+ Kh7 43. Bc2+ 1-0

[Event "C.to Provinciale KR 2011"]
[Site "Crotone ITA"]
[Date "2010.11.21"]
[Round "3"]
[White "Scerra, Ezio"]
[Black "Grano, Giuseppe"]
[Result "0-1"]
[WhiteElo "1482"]
[BlackElo "1679"]
[PlyCount "55"]
[EventDate "2010.11.20"]

1. c4 Nf6 2. Nc3 c6 3. g3 d5 4. d4 e6 5. cxd5 cxd5 6. Bg2 Bd6 7. Nf3 a6 8. O-O
Nbd7 9. a3 b6 10. Re1 Bb7 11. Nd2 O-O 12. e4 dxe4 13. Ndxe4 Bxe4 14. Nxe4 Nxe4
15. Bxe4 Ra7 16. Bxh7+ Kxh7 17. Qh5+ Kg8 18. Re4 Nf6 19. Bg5 Nxh5 20. Bxd8 Rxd8
21. f4 Rc7 22. Re2 Rc4 23. Rd1 Bc5 24. Kg2 Rcxd4 25. Rc1 Rd2 26. Rc2 Rxc2 27.
Rxc2 a5 28. g4 0-1

[Event "C.to Provinciale KR 2011"]
[Site "Crotone ITA"]
[Date "2010.11.27"]
[Round "4"]
[White "Campagna, Angelo"]
[Black "Levato, Biagio"]
[Result "0-1"]
[WhiteElo "1679"]
[BlackElo "1544"]
[PlyCount "110"]
[EventDate "2010.11.20"]

1. e4 c5 2. Nf3 Nc6 3. a3 e6 4. Bc4 a6 5. d3 Qc7 6. O-O Nf6 7. h3 b5 8. Ba2 Bb7
9. Nh2 Bd6 10. Ng4 Nxg4 11. Qxg4 O-O-O 12. f4 h5 13. Qd1 Be7 14. Be3 Na5 15.
Nd2 d5 16. Qf3 f5 17. exd5 exd5 18. d4 Nc4 19. Nxc4 dxc4 20. Qf2 h4 21. Rad1
Rh6 22. c3 Rg6 23. d5 Rxd5 24. Bb1 Kb8 25. Bd4 cxd4 26. cxd4 Rxd4 27. Rxd4
Rxg2+ 28. Qxg2 Bxg2 29. Kxg2 Qc6+ 30. Rf3 Bc5 31. Rd1 Qg6+ 32. Kh1 Qf6 33. b3
Qc6 34. Kg2 Qg6+ 35. Kh1 Qc6 36. Kg2 c3 37. Bxf5 Bxa3 38. Bc2 Bd6 39. Kf2 b4
40. f5 Bg3+ 41. Ke2 Qb5+ 42. Bd3 Qe8+ 43. Kf1 Qh5 44. Kg2 a5 45. Rdf1 Qg5 46.
Kh1 Qd2 47. R1f2 Bxf2 48. Rxf2 Qxf2 49. f6 gxf6 50. Be4 Qe1+ 51. Kg2 Qxe4+ 52.
Kf2 c2 53. Kf1 Qf3+ 54. Kg1 c1=Q+ 55. Kh2 Qd2+ 0-1

[Event "C.to Provinciale KR 2011"]
[Site "Crotone ITA"]
[Date "2010.11.27"]
[Round "4"]
[White "Chiofalo, Gianfranco"]
[Black "Mano, Vincenzo"]
[Result "0-1"]
[WhiteElo "1510"]
[BlackElo "1940"]
[PlyCount "58"]
[EventDate "2010.11.20"]

1. e4 e6 2. d4 d5 3. Nc3 Bb4 4. Bd2 c5 5. Na4 Bxd2+ 6. Qxd2 cxd4 7. Qxd4 Nc6 8.
Qxg7 Qf6 9. Qg3 dxe4 10. Bb5 Nge7 11. O-O-O Qg6 12. Qd6 O-O 13. Qg3 b6 14. Ne2
Nb4 15. Nac3 a6 16. Bc4 Nf5 17. Qc7 e3 18. f3 Ng7 19. Ne4 b5 20. Bb3 a5 21. Qe7
Nf5 22. Nf6+ Kg7 23. Ne8+ Rxe8 24. Qxe8 a4 25. Rd8 axb3 26. Qh8+ Kh6 27. a3 Ng7
28. Nd4 Qxg2 29. Rd1 bxc2 0-1

[Event "C.to Provinciale KR 2011"]
[Site "Crotone ITA"]
[Date "2010.11.27"]
[Round "4"]
[White "Grano, Giuseppe"]
[Black "Manfredi, Candido"]
[Result "0-1"]
[WhiteElo "1679"]
[BlackElo "1680"]
[PlyCount "136"]
[EventDate "2010.11.20"]

1. e4 g6 2. Nf3 Bg7 3. d4 d6 4. h3 Nd7 5. Bc4 e6 6. O-O Ne7 7. Bg5 O-O 8. Qd2
Qe8 9. Re1 Nb6 10. Bb3 f6 11. Bh6 c6 12. Nc3 d5 13. Bxg7 Kxg7 14. e5 f5 15. Ne2
Ng8 16. Qg5 Qe7 17. Qd2 c5 18. c3 c4 19. Bc2 Bd7 20. b3 a5 21. a4 Rac8 22. Reb1
Rc7 23. b4 axb4 24. Rxb4 Na8 25. a5 Nh6 26. Rab1 Bc6 27. Ba4 Qd7 28. Bxc6 Qxc6
29. Nf4 Nf7 30. Qb2 Nd8 31. Ng5 h6 32. Nf3 Qd7 33. Qa3 Qe7 34. Qa4 Nc6 35. Rb5
Re8 36. Rc5 Rec8 37. Rcb5 Qd7 38. Qd1 Qf7 39. Nh4 g5 40. Nh5+ Kh8 41. a6 bxa6
42. Ng6+ Qxg6 43. Rb7 Na5 44. Rxc7 Nxc7 45. Ra1 Nb3 46. Ra4 a5 47. Nf6 Nb5 48.
Qc2 Nd6 49. f3 Ne8 50. Ng4 Kh7 51. Nf2 Ng7 52. Qb2 Qe8 53. Qa3 Qb5 54. Kh2 Rb8
55. Nh1 Nd2 56. Rxa5 Qb2 57. Kg3 f4+ 58. Kg4 Kg6 59. h4 Qc2 60. Kh3 Qf5+ 61.
Kh2 g4 62. fxg4 Qxg4 63. Qe7 Nf1+ 64. Kg1 Ne3 65. Qf6+ Kh7 66. Ra2 Rb1+ 67. Kh2
Nef5 68. Ra7 Rb2 0-1

[Event "C.to Provinciale KR 2011"]
[Site "Crotone ITA"]
[Date "2010.11.27"]
[Round "4"]
[White "Guzzo, Giovanni"]
[Black "Scerra, Ezio"]
[Result "0-1"]
[WhiteElo "1747"]
[BlackElo "1482"]
[PlyCount "58"]
[EventDate "2010.11.20"]

1. Nf3 g6 2. g3 Bg7 3. Bg2 f5 4. d4 Nf6 5. O-O d6 6. c4 Na6 7. Nc3 O-O 8. Bd2
c5 9. Qc1 cxd4 10. Nxd4 Nc5 11. Bh6 Bxh6 12. Qxh6 Ng4 13. Qg5 e5 14. Qxd8 Rxd8
15. Ndb5 e4 16. Rad1 Ne5 17. b3 Nf7 18. Nd5 Be6 19. b4 Na6 20. a3 Bxd5 21. Rxd5
Rac8 22. Rc1 Nc7 23. Nxc7 Rxc7 24. f4 Rdc8 25. Rd4 b5 26. e3 Rxc4 27. Rdxc4
Rxc4 28. Rxc4 bxc4 29. Bf1 c3 0-1

[Event "C.to Provinciale KR 2011"]
[Site "Crotone ITA"]
[Date "2010.11.28"]
[Round "5"]
[White "Campagna, Angelo"]
[Black "Guzzo, Giovanni"]
[Result "0-1"]
[WhiteElo "1679"]
[BlackElo "1747"]
[PlyCount "70"]
[EventDate "2010.11.20"]

1. e4 e6 2. Nf3 d5 3. e5 c5 4. h3 Nc6 5. c3 Nge7 6. d4 Ng6 7. Bb5 a6 8. Bxc6+
bxc6 9. O-O Be7 10. Nh2 O-O 11. Nd2 cxd4 12. cxd4 c5 13. Ndf3 cxd4 14. Qxd4 Qc7
15. Be3 Bd7 16. Rfc1 Qb7 17. Rc2 Rfc8 18. Rac1 Rxc2 19. Rxc2 Rc8 20. Rxc8+ Qxc8
21. Qa7 Bb5 22. Ng4 Qc2 23. Qb8+ Bf8 24. Ng5 Qxb2 25. Qc7 Qb1+ 26. Kh2 Qf5 27.
Nf3 h5 28. Nd4 Qd3 29. Nf6+ gxf6 30. exf6 Qe4 31. Nf3 Be2 32. Ng1 Bc4 33. Nf3
Bxa2 34. Qb7 Bc4 35. Ng5 Qe5+ 0-1

[Event "C.to Provinciale KR 2011"]
[Site "Crotone ITA"]
[Date "2010.11.28"]
[Round "5"]
[White "Chiofalo, Gianfranco"]
[Black "Serratore, Vincenzo"]
[Result "0-1"]
[WhiteElo "1510"]
[BlackElo "1880"]
[PlyCount "56"]
[EventDate "2010.11.20"]

1. e4 e5 2. Nf3 c6 3. Nc3 d6 4. Bc4 a5 5. a3 Nf6 6. d3 Be7 7. O-O O-O 8. h3 b5
9. Ba2 Kh8 10. Nh2 Nbd7 11. f4 Qb6+ 12. Kh1 exf4 13. Bxf4 Ne5 14. b3 Be6 15. d4
Ng6 16. Qe1 Nxf4 17. Rxf4 Qxd4 18. Nf3 Qb6 19. Ng5 Bd7 20. Ne2 h6 21. Qh4 Nh7
22. Rxf7 Bxg5 23. Rxf8+ Nxf8 24. Qe1 b4 25. a4 Qe3 26. Bb1 Bxh3 27. gxh3 Qxh3+
28. Kg1 Be3+ 0-1

[Event "C.to Provinciale KR 2011"]
[Site "Crotone ITA"]
[Date "2010.11.28"]
[Round "5"]
[White "Mano, Vincenzo"]
[Black "Levato, Biagio"]
[Result "1-0"]
[WhiteElo "1940"]
[BlackElo "1544"]
[PlyCount "83"]
[EventDate "2010.11.20"]

1. Nf3 Nf6 2. d4 g6 3. h3 Bg7 4. Bf4 d6 5. Nbd2 O-O 6. e4 Re8 7. c3 Nbd7 8. Bc4
c6 9. Qb3 d5 10. exd5 Nb6 11. dxc6 Nxc4 12. cxb7 Bxb7 13. Qxb7 Na5 14. Qb5 Nd5
15. Bg3 e5 16. dxe5 Rb8 17. Qd3 f5 18. O-O f4 19. Bh4 Ne7 20. Qxd8 Rbxd8 21.
Ne4 Rb8 22. b4 Nac6 23. Nd6 Rf8 24. Rfe1 h6 25. b5 g5 26. bxc6 Nxc6 27. Bxg5
hxg5 28. Rac1 Rbd8 29. Rcd1 Rb8 30. Re2 Rfd8 31. c4 Rb4 32. c5 Rdb8 33. e6 Bf6
34. Ne4 Be7 35. Nfxg5 Nd4 36. Red2 Nxe6 37. Nxe6 Rxe4 38. c6 Rxe6 39. c7 Rf8
40. Rd8 Re1+ 41. Rxe1 Bxd8 42. c8=Q 1-0

[Event "C.to Provinciale KR 2011"]
[Site "Crotone ITA"]
[Date "2010.11.28"]
[Round "5"]
[White "Olivo, Paolo"]
[Black "Manfredi, Candido"]
[Result "1/2-1/2"]
[WhiteElo "1712"]
[BlackElo "1680"]
[PlyCount "38"]
[EventDate "2010.11.20"]

1. e4 g6 2. d4 Bg7 3. c4 d6 4. Nc3 Nd7 5. Nf3 e5 6. dxe5 Nxe5 7. Nxe5 Bxe5 8.
Be3 Bg7 9. Bd4 Nf6 10. Be2 O-O 11. O-O Be6 12. f4 c6 13. f5 Bd7 14. Qb3 c5 15.
Be3 Bc6 16. Qc2 Re8 17. fxg6 fxg6 18. Bg5 h6 19. Bxf6 Bxf6 1/2-1/2

[Event "C.to Provinciale KR 2011"]
[Site "Crotone ITA"]
[Date "2010.11.28"]
[Round "6"]
[White "Chiofalo, Gianfranco"]
[Black "Campagna, Angelo"]
[Result "0-1"]
[WhiteElo "1510"]
[BlackElo "1679"]
[PlyCount "156"]
[EventDate "2010.11.20"]

1. e4 e5 2. Nf3 Nc6 3. Bb5 d6 4. d3 Be7 5. Nc3 a6 6. Ba4 b5 7. Bb3 Na5 8. Bd5
c6 9. Bb3 Nxb3 10. axb3 Bg4 11. h3 Bh5 12. Qe2 Nf6 13. Bg5 h6 14. Bxf6 Bxf6 15.
Qe3 Bxf3 16. Qxf3 O-O 17. O-O Qd7 18. Ne2 Bg5 19. Ng3 d5 20. Nf5 Kh7 21. h4 Bf6
22. Rad1 g6 23. Ne3 d4 24. Qxf6 dxe3 25. fxe3 Rae8 26. Kf2 Re6 27. Qf3 Qe7 28.
Ke2 Qxh4 29. Rh1 Qg5 30. Rdg1 f5 31. Rh3 f4 32. g3 Qf6 33. exf4 exf4 34. g4
Qxb2 35. Kd2 b4 36. Re1 g5 37. Qf2 Qc3+ 38. Kd1 c5 39. Qh2 Qd4 40. Ke2 Ref6 41.
Rh1 Qd6 42. Kf3 Re8 43. Re1 Rfe6 44. Rh5 Rg6 45. Qf2 Rge6 46. Qh2 Re5 47. Rh1
R8e6 48. Qf2 Qc6 49. Re1 a5 50. Rhh1 Qb6 51. Ra1 Qd8 52. Ra2 Ra6 53. Rd1 Qe8
54. Rd2 a4 55. bxa4 Rxa4 56. Rxa4 Qxa4 57. d4 cxd4 58. Qxd4 Re7 59. e5 Qc6+ 60.
Qe4+ Qxe4+ 61. Kxe4 Kg7 62. Rd6 Rc7 63. Kd3 Rc3+ 64. Kd2 Re3 65. e6 Kf6 66. e7+
Kxe7 67. Rxh6 Re5 68. Rh3 Kd6 69. Kd3 Kc5 70. Rf3 Rd5+ 71. Ke2 Kc4 72. Rb3 Re5+
73. Kd2 Re4 74. Rf3 Re3 75. Rf2 Rg3 76. Ke2 Rxg4 77. Kf3 Rg3+ 78. Ke4 Kc3 0-1

[Event "C.to Provinciale KR 2011"]
[Site "Crotone ITA"]
[Date "2010.11.28"]
[Round "6"]
[White "Guzzo, Giovanni"]
[Black "Olivo, Paolo"]
[Result "1-0"]
[WhiteElo "1747"]
[BlackElo "1712"]
[PlyCount "30"]
[EventDate "2010.11.20"]

1. Nf3 Nf6 2. g3 d5 3. Bg2 c5 4. d3 Nc6 5. O-O e5 6. c3 Bd6 7. Nbd2 Rb8 8. b3
O-O 9. Bb2 Bd7 10. h3 Qc8 11. Kh2 h6 12. e3 Be6 13. Ng1 Rd8 14. Rb1 e4 15. dxe4
15... dxe4 {phone default} 1-0

[Event "C.to Provinciale KR 2011"]
[Site "Crotone ITA"]
[Date "2010.11.28"]
[Round "6"]
[White "Manfredi, Candido"]
[Black "Levato, Biagio"]
[Result "1-0"]
[WhiteElo "1680"]
[BlackElo "1544"]
[PlyCount "61"]
[EventDate "2010.11.20"]

1. e4 c5 2. Nf3 Nc6 3. d4 cxd4 4. Nxd4 a6 5. Nc3 Nf6 6. Be3 e6 7. Bd3 Qc7 8. h3
Ne5 9. Nde2 b5 10. a3 Nxd3+ 11. cxd3 Bb7 12. O-O d5 13. Ng3 Rd8 14. Bg5 Be7 15.
Rc1 dxe4 16. Ncxe4 Qb8 17. Nxf6+ Bxf6 18. Bxf6 gxf6 19. Qc2 Rg8 20. Ne4 Rg6 21.
Qc7 Kf8 22. Qxb8 Rxb8 23. Rc7 f5 24. Ng3 f4 25. Ne4 f5 26. Nc5 Bxg2 27. Kh2 Bd5
28. Rg1 Rb6 29. Nd7+ Kg8 30. Rxg6+ hxg6 31. Nxb6 1-0

[Event "C.to Provinciale KR 2011"]
[Site "Crotone ITA"]
[Date "2010.11.28"]
[Round "6"]
[White "Serratore, Vincenzo"]
[Black "Mano, Vincenzo"]
[Result "1-0"]
[WhiteElo "1880"]
[BlackElo "1940"]
[PlyCount "151"]
[EventDate "2010.11.20"]

1. d4 d5 2. Nf3 Nf6 3. e3 e6 4. Bd3 Be7 5. Nbd2 b6 6. Ne5 O-O 7. Qe2 Bb7 8. c3
Nbd7 9. Ndf3 Ne4 10. h4 f6 11. Nxd7 Qxd7 12. Qc2 Qd8 13. Qe2 Qe8 14. Nd2 f5 15.
Nxe4 fxe4 16. Ba6 Bxa6 17. Qxa6 Qg6 18. Qf1 Rf7 19. g3 Bd6 20. Qh3 Raf8 21. Rh2
Rf3 22. Bd2 Qf6 23. O-O-O c5 24. Rg2 Qe7 25. Qh2 b5 26. Qg1 a5 27. Qf1 c4 28.
Qe2 b4 29. Be1 Qb7 30. Kc2 Rb8 31. Rb1 b3+ 32. axb3 Qxb3+ 33. Kc1 Qa2 34. Qc2
a4 35. b4 axb3 36. Qxa2 bxa2 37. Rxb8+ Bxb8 38. Kb2 Rf7 39. Kxa2 Ra7+ 40. Kb2
Bd6 41. Bd2 Ba3+ 42. Kc2 Bd6 43. Kd1 Ra1+ 44. Ke2 Rb1 45. f3 exf3+ 46. Kxf3 Rb3
47. Kg4 Ba3 48. Be1 Bc1 49. Kf4 Kf7 50. Rc2 Ba3 51. e4 Rb1 52. Bf2 Kf6 53. g4
Bc1+ 54. Kf3 h6 55. h5 Kg5 56. Rxc1 dxe4+ 57. Kg3 Rb3 58. Be3+ Kf6 59. Kf4 Ke7
60. Kxe4 Kf6 61. Rf1+ Ke7 62. Rf3 Rb5 63. Bf4 Kf7 64. Bxh6+ Kg8 65. Bf4 Kh7 66.
Be5 Kh6 67. Rf7 g5 68. Rf6+ Kh7 69. Rxe6 Rb3 70. d5 Rb2 71. Kf5 Rf2+ 72. Kxg5
Re2 73. d6 Re3 74. Re7+ Kg8 75. d7 Rd3 76. Bd4 1-0

[Event "C.to Provinciale MI"]
[Site "Milano ITA"]
[Date "2010.01.24"]
[Round "3"]
[White "Brighenti, Alessandro"]
[Black "D'Urbino, Ilan"]
[Result "0-1"]
[WhiteElo "1573"]
[BlackElo "1742"]
[PlyCount "62"]
[EventDate "2010.01.23"]

1. d4 Nf6 2. c4 g6 3. g3 Bg7 4. Bg2 c5 5. d5 d6 6. Nc3 O-O 7. Nf3 e5 8. e4 Nh5
9. O-O f5 10. Ng5 f4 11. Ne6 Bxe6 12. dxe6 Na6 13. Nd5 Qe8 14. Bh3 Kh8 15. e7
Rf7 16. Be6 Rxe7 17. Nxe7 Qxe7 18. Bd5 Rf8 19. Qg4 Nb4 20. Bd2 Nc2 21. Rab1 Nd4
22. Bc3 Nf6 23. Qd1 Nxd5 24. Bxd4 f3 25. Bxc5 Qd7 26. Kh1 Qh3 27. Rg1 Nf6 28.
g4 Nxg4 29. Rxg4 Qxg4 30. Qf1 dxc5 31. Rd1 Bf6 0-1

[Event "Memorial Guido Cappello"]
[Site "Milano ITA"]
[Date "2010.04.15"]
[Round "4"]
[White "Lanzani, Giuliano"]
[Black "Bracci, Andrea"]
[Result "0-1"]
[WhiteElo "1992"]
[BlackElo "1830"]
[PlyCount "144"]
[EventDate "2010.04.06"]

1. e4 c5 2. Nf3 e6 3. d4 cxd4 4. Nxd4 Nf6 5. Nc3 d6 6. Be3 a6 7. Qf3 Nbd7 8.
O-O-O Qc7 9. Qg3 Nc5 10. f3 Bd7 11. Qf2 b5 12. Nb3 b4 13. Nb1 Ncxe4 14. fxe4
Nxe4 15. Qh4 d5 16. Bd3 Be7 17. Qe1 Rc8 18. Bxe4 dxe4 19. Qd2 O-O 20. c3 Ba4
21. Qc2 f5 22. g3 Qb8 23. c4 Bb5 24. N1d2 Rfd8 25. Nd4 Rxd4 26. Bxd4 e5 27. Be3
a5 28. b3 a4 29. bxa4 Be8 30. Rhf1 g6 31. h4 Qa8 32. c5 Bxa4 33. Qc4+ Kg7 34.
Qe6 Re8 35. Qxe5+ Bf6 36. Bh6+ Kf7 37. Qc7+ Re7 38. Qd6 Rd7 39. Qf8+ Qxf8 40.
Bxf8 Bxd1 41. Kxd1 Kxf8 42. Ke2 h5 43. Rb1 Bc3 44. Nf1 Ra7 45. Ke3 Rxa2 46. Rd1
Be5 47. Rd5 Ra3+ 48. Ke2 Bxg3 49. c6 Bf4 50. Rc5 Rc3 51. Rb5 Rxc6 52. Rxb4 Kf7
53. Ne3 Bxe3 54. Kxe3 Rc3+ 55. Kf4 Rf3+ 56. Ke5 Ke7 57. Rb7+ Kd8 58. Rg7 Rg3
59. Kd4 Ke8 60. Ra7 Kf8 61. Ra8+ Ke7 62. Ra7+ Kd6 63. Ra6+ Kc7 64. Rf6 Kd7 65.
Ra6 e3 66. Kd3 f4 67. Ke2 Ke7 68. Kd3 Rg2 69. Ra1 Rf2 70. Ra6 Kf7 71. Rb6 e2
72. Kd2 f3 0-1

[Event "XIII Weekend A"]
[Site "Porto Sant'Elpidio ITA"]
[Date "2010.11.20"]
[Round "1"]
[White "Balzano, Filli"]
[Black "Marsili, Riccardo"]
[Result "0-1"]
[WhiteElo "1805"]
[BlackElo "1938"]
[PlyCount "84"]
[EventDate "2010.11.20"]

1. e4 c5 2. c3 d5 3. exd5 Qxd5 4. d4 Nf6 5. Nf3 Bg4 6. Be2 e6 7. Be3 cxd4 8.
cxd4 Nc6 9. O-O Be7 10. Nc3 Qd8 11. Qb3 Rb8 12. Rfd1 O-O 13. d5 exd5 14. Nxd5
Nxd5 15. Rxd5 Qc7 16. Qa4 Be6 17. Bf4 Qc8 18. Rd2 Ra8 19. Rc1 Rd8 20. Bb5 Bd5
21. Ne5 Qe6 22. Nxc6 bxc6 23. Bxc6 Bxc6 24. Qxc6 Rdc8 25. Bc7 Bg5 26. Rd6 Qe2
27. Qc2 Qe7 28. Rc6 Bxc1 29. Qxc1 Qd7 30. h3 a5 31. Rc5 a4 32. Bf4 Rxc5 33.
Qxc5 Rc8 34. Qb4 h6 35. Qe4 Re8 36. Qc2 Qb5 37. Qc3 Re2 38. b3 a3 39. Bc1 Qf5
40. f3 Rxa2 41. b4 Qb1 42. Kh2 Rc2 0-1